Estatísticas para Estações de BRT do Rio de Janeiro

Clique aqui para jogar o quiz

Estatísticas Gerais

  • Esse quiz foi jogado 15 vezes
  • A pontuação média é 69 de 135

Estatísticas das Respostas

Transcarioca% Correto
BarraShopping
100%
Madureira (Manaceia)
100%
Santa Cruz
100%
Terminal Alvorada
100%
Terminal Jardim Oceânico
100%
Terminal Sulacap
100%
Campo Grande
90%
Galeão - Tom Jobim 1
90%
Galeão - Tom Jobim 2
90%
Madureira (Terminal Paulo da Portela)
90%
Merck
90%
Penha 1
90%
Penha 2
90%
Praça Seca
90%
Rio II
90%
Taquara
90%
Terminal Recreio
90%
Via Parque
90%
Vila Militar
90%
Aeroporto de Jacarepaguá
80%
Curicica
80%
Mato Alto
80%
Santa Efigênia
80%
Tanque
80%
Terminal Fundão/Aroldo Melodia
80%
Campinho
70%
Centro Metropolitano
70%
Golfe Olímpico
70%
Lourenço Jorge
70%
Magarça
70%
Maré
70%
Olaria (Cacique de Ramos)
70%
Pingo D'Água
70%
Pontões/Barrasul
70%
Recreio Shopping
70%
São José de Magalhães Bastos
70%
Vaz Lobo
70%
Arroio Pavuna
60%
Bosque da Barra
60%
Cesarão I
60%
Cesarão II
60%
Cesarão III
60%
Ilha de Guaratiba
60%
Mercadão
60%
Notre Dame
60%
Novo Leblon
60%
Praça do Bandolim
60%
Salvador Allende
60%
Santa Eugênia (Paciência)
60%
Vicente de Carvalho
60%
Afrânio Costa (Teatro Nathália Timberg)
50%
Américas Park
50%
André Rocha
50%
Boiúna
50%
Bosque Marapendi
50%
Capitão Menezes
50%
Cosmos
50%
Curral Falso
50%
Embrapa
50%
Gelson Fonseca
50%
Glaucio Gil
50%
Guaporé
50%
Ibiapina
50%
Interlagos
50%
IPASE
50%
Marechal Fontenelle
50%
Nova Barra
50%
Parque das Rosas
50%
Pedra de Itaúna
50%
Pinto Teles
50%
Pontal
50%
Recanto das Palmeiras (Jardim São Luiz)
50%
Ricardo Marinho
50%
Riocentro
50%
Três Pontes
50%
Vendas de Varanda
50%
Ana Gonzaga
40%
Aracy Cabral
40%
Cajueiros
40%
Catedral do Recreio
40%
Cesarinho
40%
Colônia (Museu Bispo do Rosário)
40%
CTEx
40%
Dom Bosco
40%
Gastão Rangel
40%
Gilka Machado
40%
Guinard
40%
Guiomar Novaes
40%
Olof Palme
40%
Outeiro Santo
40%
Pedro Correia
40%
Pina Rangel
40%
Recanto das Garças
40%
Rede Sarah
40%
Riomar
40%
Santa Mônica Jardins
40%
Santa Veridiana
40%
São Jorge
40%
Vila Sapê (IV Centenário)
40%
Cândido Magalhães
30%
Divina Providência
30%
General Olímpio
30%
Gramado
30%
Icurana
30%
Ilha Pura
30%
Inhoaíba
30%
Minha Praia
30%
Morro do Outeiro
30%
Paulo Malta Resende
30%
Prefeito Alim Pedro
30%
Santa Luzia
30%
Tapebuias
30%
Terminal Centro Olímpico
30%
Benvindo Novaes
20%
Cardoso de Moraes (Viúva Garcia)
20%
Marambaia
20%
Otaviano
20%
Parque Olímpico
20%
Pedro Taques
20%
Praça do Carmo
20%
Vilar Carioca
20%
31 de Outubro
10%
Asa Branca
10%
Júlia Miguel
10%
Leila Diniz
10%
Padre João Chribbin (Marechal Mallet)
10%
Parque Esperança
10%
Parque São Paulo
10%
Pastor José Santos
10%
Riveira
10%
Vila Kosmos/Nossa Senhora do Carmo
10%
Vila Paciência
10%
Vila Queiroz
10%
Ventura
0%

Distribuição das Pontuações

Percentil de Números Respondidos

Porcentagem de Pessoas com Cada Pontuação

Sua Pontuação Histórica

Você não jogou esse quiz